[Event "18th Voronezh Master Open 2014"]
[Site "Voronezh RUS"]
[Date "2014.06.12"]
[Round "1.1"]
[White "Pogosyan, Georgiy"]
[Black "Popov, Ivan RUS"]
[Result "0-1"]
[BlackTitle "GM"]
[WhiteElo "2330"]
[BlackElo "2650"]
[WhiteFideId "13307584"]
[BlackFideId "4170350"]
[EventDate "2014.06.12"]

1. d4 Nf6 2. Nf3 g6 3. c4 Bg7 4. Nc3 d5 5. h4 dxc4 6. e4 O-O 7. Bxc4 c5 8. e5
Ng4 9. h5 cxd4 10. hxg6 hxg6 11. e6 Bxe6 12. Bxe6 dxc3 13. Bxf7+ Kxf7 14. Ng5+
Ke8 15. Qxg4 cxb2 16. Bxb2 Bxb2 17. Rd1 Qa5+ 18. Kf1 Qf5 19. Qe2 Qxg5 20. Qxb2
Qf6 21. Qb5+ Nc6 22. f3 Rd8 23. Rc1 Rd7 0-1

[Event "18th Voronezh Master Open 2014"]
[Site "Voronezh RUS"]
[Date "2014.06.12"]
[Round "1.2"]
[White "Artemiev, Vladislav"]
[Black "Rozhko, Dmitry"]
[Result "1-0"]
[WhiteTitle "GM"]
[BlackTitle "FM"]
[WhiteElo "2647"]
[BlackElo "2329"]
[WhiteFideId "24101605"]
[BlackFideId "4150430"]
[EventDate "2014.06.12"]

1. Nf3 d5 2. d4 Nf6 3. c4 dxc4 4. e3 Bg4 5. Bxc4 e6 6. Nc3 Nbd7 7. O-O Bd6 8. e4
e5 9. d5 h6 10. Be2 O-O 11. Be3 a6 12. Nd2 Bxe2 13. Qxe2 Ne8 14. Rac1 Qh4 15. a3
f5 16. exf5 Nef6 17. Nc4 e4 18. Nxd6 cxd6 19. Rcd1 Rae8 20. h3 Ne5 21. Rd4 g5
22. fxg6 Nxg6 23. Qc2 Rf7 24. f3 Qh5 25. Nxe4 Nxd5 26. Qb3 Re5 27. Ng3 Rxe3 28.
Qxe3 Nxe3 29. Nxh5 Nxf1 30. Kxf1 Ne5 31. Ke2 Rf5 32. Ng3 Rg5 33. Kf2 Nf7 34. Ne4
Rb5 35. b4 Rb6 36. g4 Rc6 37. Kg3 Kf8 38. f4 Ke7 39. Rd3 Rc1 40. Re3 Nd8 41. Kh4
Ke6 42. Kh5 Kd5 43. Nf6+ Kd4 44. Re4+ Kc3 45. Kxh6 Rh1 46. Re3+ Kd4 47. Rf3 1-0

[Event "18th Voronezh Master Open 2014"]
[Site "Voronezh RUS"]
[Date "2014.06.12"]
[Round "1.3"]
[White "Afanasiev, Nikita"]
[Black "Kokarev, Dmitry"]
[Result "0-1"]
[WhiteTitle "FM"]
[BlackTitle "GM"]
[WhiteElo "2313"]
[BlackElo "2628"]
[WhiteFideId "24183555"]
[BlackFideId "4132181"]
[EventDate "2014.06.12"]

1. c4 g6 2. g3 Bg7 3. Bg2 c5 4. Nc3 Nc6 5. Nf3 d6 6. a3 Nh6 7. h4 Bg4 8. d3 Qd7
9. h5 gxh5 10. Nd5 Ng8 11. Rb1 Nf6 12. Ne3 a5 13. Qa4 O-O 14. Bd2 Rfd8 15. Ng5
Nd4 16. Qxd7 Rxd7 17. f3 Be6 18. Nxe6 fxe6 19. Bh3 Bh6 20. Ng2 Bxd2+ 21. Kxd2
Kf7 22. Nf4 Rg8 23. g4 hxg4 24. Bxg4 Rdd8 25. e3 Nf5 26. Bh5+ Nxh5 27. Rxh5 Rg7
28. b4 axb4 29. axb4 b6 30. Ne2 Ra8 31. Rb2 Rg2 32. Rxh7+ Kf6 33. Rh3 cxb4 34.
f4 b3 35. Kc3 Ra2 0-1

[Event "18th Voronezh Master Open 2014"]
[Site "Voronezh RUS"]
[Date "2014.06.12"]
[Round "1.5"]
[White "Kostin, Alexey"]
[Black "Rakhmanov, Aleksandr"]
[Result "0-1"]
[WhiteTitle "IM"]
[BlackTitle "GM"]
[WhiteElo "2303"]
[BlackElo "2614"]
[WhiteFideId "4120736"]
[BlackFideId "4173708"]
[EventDate "2014.06.12"]

1. e4 c5 2. c3 e6 3. d4 d5 4. exd5 exd5 5. Nf3 Nc6 6. Bb5 Bd6 7. O-O Ne7 8. Re1
O-O 9. dxc5 Bxc5 10. Be3 Bd6 11. h3 Nf5 12. Bg5 Qb6 13. Qb3 Bc5 14. Re2 Ng3 15.
Rd2 Ne4 16. Rxd5 Bxf2+ 17. Kh1 Be6 18. Nbd2 Ng3+ 19. Kh2 Bxd5 20. Qxd5 Qc7 21.
Bh4 Rad8 22. Bxd8 Nf1+ 23. Kh1 Qh2+ 0-1

[Event "18th Voronezh Master Open 2014"]
[Site "Voronezh RUS"]
[Date "2014.06.12"]
[Round "1.6"]
[White "Timofeev, Artyom"]
[Black "Grigorian, Vardan"]
[Result "1-0"]
[WhiteTitle "GM"]
[WhiteElo "2603"]
[BlackElo "2299"]
[WhiteFideId "4140419"]
[BlackFideId "13300814"]
[EventDate "2014.06.12"]

1. d4 d5 2. c4 c6 3. Nf3 Nf6 4. Nc3 e6 5. Bg5 Nbd7 6. Qb3 Be7 7. e3 O-O 8. Rc1
h6 9. Bh4 Ne4 10. Bxe7 Qxe7 11. Be2 Nd6 12. Qa3 Re8 13. c5 Nf5 14. Bd3 Qf6 15.
O-O g5 16. Rce1 e5 17. Bxf5 Qxf5 18. e4 Qf4 19. exd5 e4 20. dxc6 bxc6 21. Qa4
Bb7 22. Ne5 Nxe5 23. dxe5 Qxe5 24. Nxe4 Re6 25. h4 Qf4 26. g3 Qf3 27. Re3 Qh5
28. Nd6 Bc8 1-0

[Event "18th Voronezh Master Open 2014"]
[Site "Voronezh RUS"]
[Date "2014.06.12"]
[Round "1.7"]
[White "Dmitriev, Igor"]
[Black "Bocharov, Dmitry"]
[Result "0-1"]
[WhiteTitle "IM"]
[BlackTitle "GM"]
[WhiteElo "2295"]
[BlackElo "2598"]
[WhiteFideId "4114833"]
[BlackFideId "4138716"]
[EventDate "2014.06.12"]

1. d4 Nf6 2. Nc3 d5 3. Bg5 Nbd7 4. e3 c5 5. Bb5 e6 6. Nf3 Be7 7. O-O O-O 8. a3
h6 9. Bxd7 Bxd7 10. Bh4 Rc8 11. Ne5 b5 12. Qe2 a6 13. Rfe1 Qc7 14. Nd3 cxd4 15.
exd4 Rfd8 16. Ne5 Be8 17. Qf3 a5 18. Rac1 b4 19. axb4 axb4 20. Nd1 Ne4 21. Bxe7
Qxe7 22. Ne3 Qa7 23. Qd1 f6 24. Nf3 Bh5 25. g4 Bg6 26. Nh4 Bh7 27. Nf3 Qa2 28.
Rb1 b3 29. cxb3 Nd6 30. Ra1 Qxb2 31. Ra6 Be4 32. Nh4 Nb5 33. f3 Bh7 34. Rxe6
Nxd4 35. Re7 Kh8 36. Nef5 Bxf5 37. Nxf5 Nxf5 38. gxf5 Rc2 39. R7e2 Rdc8 40. Qd3
Kh7 41. Kf1 d4 42. Qe4 Qxb3 43. Rxc2 Rxc2 44. Qg4 Qb5+ 45. Kg1 Re2 46. Rxe2 Qxe2
47. Qxd4 Qxf3 48. Qd7 h5 49. Qc8 Qg4+ 50. Kf2 h4 51. Qe6 Kh6 52. Qe3+ Kh5 53.
Qe8+ Kg5 54. Qg6+ Kf4 55. Qh7 h3 0-1

[Event "18th Voronezh Master Open 2014"]
[Site "Voronezh RUS"]
[Date "2014.06.12"]
[Round "1.8"]
[White "Grigoriants, Sergey"]
[Black "Kruchev, Boris"]
[Result "1/2-1/2"]
[WhiteTitle "GM"]
[BlackTitle "FM"]
[WhiteElo "2595"]
[BlackElo "2294"]
[WhiteFideId "4130804"]
[BlackFideId "4179714"]
[EventDate "2014.06.12"]

1. e4 d5 2. exd5 Qxd5 3. Nc3 Qd6 4. d4 Nf6 5. Nf3 g6 6. Bg5 Bg7 7. Qd2 O-O 8.
O-O-O Bg4 9. Be2 c6 10. h3 Bxf3 11. Bxf3 Nbd7 12. Bf4 Qb4 13. a3 Qb6 14. Bh6
Rad8 15. Bxg7 Kxg7 16. Qf4 Rfe8 17. g4 Qa5 18. g5 Ng8 19. d5 Nf8 20. dxc6 Ne6
21. Qe3 Nxg5 22. Bd5 Nf6 23. c7 Rc8 24. h4 Ne6 25. h5 Qc5 26. hxg6 Qxe3+ 27.
fxe3 hxg6 28. Bxe6 fxe6 29. Nb5 Nd5 30. Nxa7 Rxc7 31. Nb5 Rc4 32. b3 Re4 33. c4
Rc8 34. Rh3 g5 35. Rg3 g4 36. Rd4 Rxd4 37. Nxd4 Nf6 38. Nxe6+ Kg6 39. Nd4 e5 40.
Ne2 Kg5 41. Rg1 Ne4 42. Kc2 Rf8 43. b4 Ra8 44. Kb2 Rd8 45. Nc3 Nd2 46. c5 Nc4+
47. Kb3 Nxe3 48. b5 Kf4 49. a4 g3 50. a5 g2 51. b6 Rb8 52. Kb4 Kf3 53. c6 bxc6
54. Kc5 Kf2 55. Rxg2+ Kxg2 56. a6 Nc4 57. a7 Nxb6 58. axb8=N Na8 59. Na6 Kf3 60.
Kxc6 e4 61. Nb4 e3 62. Nc2 e2 63. Nd4+ Ke3 64. Ndxe2 1/2-1/2

[Event "18th Voronezh Master Open 2014"]
[Site "Voronezh RUS"]
[Date "2014.06.12"]
[Round "1.9"]
[White "Rjabzev, Konstantin"]
[Black "Ponkratov, Pavel"]
[Result "0-1"]
[WhiteTitle "IM"]
[BlackTitle "GM"]
[WhiteElo "2292"]
[BlackElo "2595"]
[WhiteFideId "4150015"]
[BlackFideId "4157800"]
[EventDate "2014.06.12"]

1. e4 e5 2. Nf3 Nc6 3. Bb5 Nge7 4. d4 exd4 5. Nxd4 a6 6. Nxc6 Nxc6 7. Bxc6 bxc6
8. O-O Bc5 9. Qh5 Qe7 10. Nd2 O-O 11. Nf3 Rb8 12. e5 d5 13. b3 f6 14. Bb2 fxe5
15. Qxe5 Bf5 16. Qxe7 Bxe7 17. Rfe1 Rfe8 18. Nd4 Bd7 19. Nf3 Bf5 20. Nd4 Bd7 21.
Nf3 Bb4 22. Rxe8+ Bxe8 23. Ne5 Kf8 24. Rd1 a5 25. Rd3 a4 26. Rg3 Ra8 27. Nd3 Bd6
28. Bxg7+ Kf7 29. f4 axb3 30. axb3 Ra2 31. Bb2 c5 32. c4 d4 33. Rf3 Ra8 34. Nc1
Bc6 35. Rf1 Kf6 36. b4 cxb4 37. Bxd4+ Kf5 38. c5 Bf8 39. Ne2 Ke4 40. Bf2 Bb5 41.
Ng3+ Kd3 42. Nf5 Ra2 43. Rd1+ Rd2 44. Rxd2+ Kxd2 45. Nd4 Bc4 46. Nf3+ Kd1 47.
Ne5 Bb5 0-1

[Event "18th Voronezh Master Open 2014"]
[Site "Voronezh RUS"]
[Date "2014.06.12"]
[Round "1.10"]
[White "Danin, Alexandre"]
[Black "Kudelya, Igor"]
[Result "1-0"]
[WhiteTitle "GM"]
[WhiteElo "2594"]
[BlackElo "2291"]
[WhiteFideId "4144031"]
[BlackFideId "4177339"]
[EventDate "2014.06.12"]

1. e4 c5 2. Nf3 Nc6 3. d4 cxd4 4. Nxd4 Qc7 5. Nc3 e6 6. Be3 Nf6 7. Be2 a6 8. O-O
Bb4 9. Na4 O-O 10. Nxc6 bxc6 11. Nb6 Rb8 12. Nxc8 Rbxc8 13. Bxa6 Rb8 14. Bd3 Bd6
15. f4 e5 16. f5 Qa5 17. b3 Bc5 18. Bxc5 Qxc5+ 19. Kh1 d5 20. Qe2 Rfd8 21. Rae1
Qa5 22. a4 h6 23. Qf3 Qc3 24. Re2 Rb4 25. Rfe1 Re8 26. h3 Re7 27. Re3 Qb2 28.
Qe2 c5 29. exd5 Nxd5 30. f6 gxf6 31. Rg3+ Kf8 32. Qh5 Re8 33. Bc4 Rxc4 34. bxc4
Qb4 35. Rd1 Qxc4 36. Rgd3 Nb6 37. Qxh6+ Ke7 38. Rd6 1-0

[Event "18th Voronezh Master Open 2014"]
[Site "Voronezh RUS"]
[Date "2014.06.13"]
[Round "2.1"]
[White "Popov, Ivan RUS"]
[Black "Alekseenko, Kirill"]
[Result "1/2-1/2"]
[WhiteTitle "GM"]
[BlackTitle "FM"]
[WhiteElo "2650"]
[BlackElo "2464"]
[WhiteFideId "4170350"]
[BlackFideId "4135539"]
[EventDate "2014.06.12"]

1. e4 e5 2. Nf3 Nc6 3. Bb5 a6 4. Ba4 g6 5. d3 Bg7 6. Nc3 d6 7. Nd5 Nf6 8. c3 b5
9. Bb3 Na5 10. Bc2 c5 11. O-O Bb7 12. Bg5 h6 13. Nxf6+ Bxf6 14. Bxf6 Qxf6 15.
Qd2 Qf4 16. Qxf4 exf4 17. a3 Rc8 18. Rac1 Ke7 19. b4 Nc6 20. d4 cxd4 21. cxd4
Nb8 22. Bd3 Nd7 23. Nd2 Nb6 24. Nb3 Rxc1 25. Rxc1 Rc8 26. Rxc8 Bxc8 27. Kf1 f5
28. Na5 fxe4 29. Bxe4 Kf6 30. Ke2 Bg4+ 31. f3 Bc8 32. Bc6 g5 33. Kd3 Bf5+ 34.
Be4 Bc8 35. Kc3 Na4+ 36. Kd2 Nb6 37. Kc3 Na4+ 38. Kd2 Nb6 39. Kc3 Na4+ 40. Kd2
Nb6 41. Kc3 1/2-1/2

[Event "18th Voronezh Master Open 2014"]
[Site "Voronezh RUS"]
[Date "2014.06.13"]
[Round "2.2"]
[White "Pavlov, Sergey2"]
[Black "Artemiev, Vladislav"]
[Result "1/2-1/2"]
[WhiteTitle "IM"]
[BlackTitle "GM"]
[WhiteElo "2470"]
[BlackElo "2647"]
[WhiteFideId "14114330"]
[BlackFideId "24101605"]
[EventDate "2014.06.12"]

1. Nf3 d5 2. d4 Nf6 3. c4 c6 4. Nc3 e6 5. e3 Nbd7 6. Qc2 Bd6 7. b3 O-O 8. Be2 e5
9. cxd5 cxd5 10. Nb5 Bb4+ 11. Bd2 Bxd2+ 12. Nxd2 a6 13. dxe5 Nxe5 14. Nd4 Bg4
15. Bxg4 Nfxg4 16. O-O Rc8 17. Qf5 g6 18. Qf4 Re8 19. N2f3 Nxf3+ 20. Qxf3 Nf6
21. Rfc1 Qb6 22. Qd1 Ne4 23. Rxc8 Rxc8 24. Rc1 Rc3 25. Rxc3 Nxc3 26. Qc2 Qa5 27.
g3 Ne4 28. Kg2 Qe1 29. a4 Nd2 30. Qd3 Ne4 31. Qc2 a5 32. Nf3 Qa1 33. Nd2 Qe5 34.
Nf3 Qf6 35. Nd4 b6 36. h4 Kg7 37. Qe2 Qe5 38. Qb5 Qf6 39. Qe2 Nc5 40. h5 Qe5 41.
hxg6 hxg6 42. Qb5 Qe4+ 43. Kg1 Qb1+ 44. Qf1 Qb2 45. Qd1 Ne4 46. Qc2 Qxc2 47.
Nxc2 Kf6 48. Kg2 Ke5 49. f3 Nc5 50. Nd4 f5 51. Kf2 g5 52. Ke2 g4 53. f4+ Kf6 54.
Kf2 Ne4+ 55. Kg2 Kg6 56. Kh2 Nc3 57. Kg2 Nd1 58. Kf1 Kf6 59. Ke2 Nc3+ 60. Kf2
Ne4+ 61. Kg2 Nc5 1/2-1/2

[Event "18th Voronezh Master Open 2014"]
[Site "Voronezh RUS"]
[Date "2014.06.13"]
[Round "2.3"]
[White "Kokarev, Dmitry"]
[Black "Paravyan, David"]
[Result "1/2-1/2"]
[WhiteTitle "GM"]
[BlackTitle "IM"]
[WhiteElo "2628"]
[BlackElo "2433"]
[WhiteFideId "4132181"]
[BlackFideId "4194985"]
[EventDate "2014.06.12"]

1. e4 e5 2. Nf3 Nc6 3. Bb5 a6 4. Ba4 Nf6 5. O-O Nxe4 6. d4 b5 7. Bb3 d5 8. dxe5
Be6 9. Be3 Be7 10. Nbd2 Nc5 11. h3 O-O 12. c3 Nd3 13. Bc2 Nxb2 14. Bxh7+ Kxh7
15. Qc2+ Kg8 16. Qxb2 f6 17. exf6 Bxf6 18. Nb3 Qc8 19. Qd2 b4 20. Nfd4 bxc3 21.
Qxc3 Ne5 22. Qc5 Rf7 23. Nxe6 Qxe6 24. Rac1 Nd3 25. Qc6 Qxc6 26. Rxc6 Nb4 27.
Rc5 Rb8 28. Bd4 Nxa2 29. Bxf6 Rxb3 30. Be5 Rb5 31. Rxc7 Rxc7 32. Bxc7 d4 33. Ra1
Nc3 34. Kh2 d3 35. Bf4 Rb2 36. Rxa6 d2 37. Bxd2 Rxd2 38. f3 Kh7 39. Re6 g5 40.
h4 gxh4 41. Kh3 Rd4 42. g3 hxg3 43. Kxg3 Kg7 44. Ra6 Nd5 45. Rd6 Kf7 46. Kf2 Ke7
47. Ra6 Nf6 48. Kg3 Kf7 49. Rb6 Kg6 50. Ra6 Rd5 51. Kf4 Rf5+ 52. Kg3 Kg5 53. Ra8
Nh5+ 54. Kf2 Rb5 55. Rg8+ Kf5 56. Rf8+ Nf6 57. Kg3 Rb2 58. f4 Rb3+ 59. Kf2 Rb4
60. Ke2 Rd4 61. Ke3 Re4+ 62. Kd3 Rxf4 63. Ra8 Ke5 64. Rd8 Rh4 65. Rf8 Rd4+ 66.
Ke2 Ra4 67. Kd3 Nd7 68. Rd8 Nc5+ 69. Kc3 Ne6 70. Rh8 Nc7 71. Kd3 Rd4+ 72. Ke2
Ne6 73. Re8 Re4+ 74. Kd3 Kd5 75. Kc3 Re3+ 76. Kd2 Rh3 77. Ra8 Nc5 78. Rd8+ Kc4
79. Rc8 Rg3 80. Ke2 Kd5 81. Rd8+ Ke5 82. Re8+ Ne6 83. Kd2 Kd5 84. Rh8 Kc4 85.
Re8 Rd3+ 86. Ke2 Nd4+ 87. Kf2 Rf3+ 88. Kg2 Kd3 89. Ra8 Rf7 90. Kg3 Rf6 91. Kg4
Ke4 92. Kg5 Rf1 93. Ra4 1/2-1/2

[Event "18th Voronezh Master Open 2014"]
[Site "Voronezh RUS"]
[Date "2014.06.13"]
[Round "2.4"]
[White "Rakhmanov, Aleksandr"]
[Black "Ulko, Jaroslav"]
[Result "1/2-1/2"]
[WhiteTitle "GM"]
[BlackTitle "IM"]
[WhiteElo "2614"]
[BlackElo "2422"]
[WhiteFideId "4173708"]
[BlackFideId "4116658"]
[EventDate "2014.06.12"]

1. e4 c5 2. Nf3 e6 3. c3 d5 4. e5 d4 5. Bd3 Bd7 6. Qe2 Bc6 7. Be4 Ne7 8. O-O
Bxe4 9. Qxe4 Nbc6 10. Na3 Qd5 11. Re1 Qxe4 12. Rxe4 Rd8 13. g3 Nf5 14. Nc2 h5
15. c4 d3 16. Nce1 Be7 17. b3 f6 18. Bb2 Kf7 19. h3 Nfd4 20. Nxd4 Nxd4 21. Bxd4
f5 22. Re3 Rxd4 23. h4 g5 24. hxg5 h4 25. f4 hxg3 26. Ng2 Rh3 27. Rf1 Bd8 28.
Rff3 Ba5 29. Rxd3 Bxd2 30. Kf1 Re4 31. Kg1 Be1 32. Nxe1 Rxe1+ 33. Kg2 Reh1 34.
g6+ Ke7 35. Rxg3 R3h2+ 36. Kf3 Rf1+ 37. Ke3 Re1+ 38. Kf3 Rf1+ 39. Ke3 Re1+ 40.
Kf3 Rf1+ 1/2-1/2

[Event "18th Voronezh Master Open 2014"]
[Site "Voronezh RUS"]
[Date "2014.06.13"]
[Round "2.5"]
[White "Zenzera, Alexey"]
[Black "Timofeev, Artyom"]
[Result "1/2-1/2"]
[WhiteTitle "IM"]
[BlackTitle "GM"]
[WhiteElo "2454"]
[BlackElo "2603"]
[WhiteFideId "4102665"]
[BlackFideId "4140419"]
[EventDate "2014.06.12"]

1. c4 c5 2. Nf3 Nf6 3. Nc3 d5 4. cxd5 Nxd5 5. g3 Nc6 6. Bg2 Nc7 7. O-O e5 8. a3
Rb8 9. d3 Be7 10. Nd2 Bd7 11. Nc4 f6 12. f4 b5 13. Ne3 O-O 14. Bd2 exf4 15. Rxf4
Nd4 16. Ned5 Nxd5 17. Bxd5+ Kh8 18. e3 Nc6 19. d4 f5 20. Ne2 Bf6 21. Rc1 c4 22.
Bxc6 Bxc6 23. Rxf5 Qd7 24. Qf1 Be7 25. Rxf8+ Rxf8 26. Nf4 g5 27. d5 Bxd5 28. Qh3
Qxh3 29. Nxh3 Re8 30. Bc3+ Kg8 31. Rd1 Bf3 32. Rf1 Bg4 33. Kg2 Be6 34. Nf2 Bc5
35. Rd1 Be7 36. Ne4 Rd8 37. Rxd8+ Bxd8 38. Bf6 Bd5 39. Bxd8 Bxe4+ 40. Kf2 g4 41.
Ke2 c3 42. bxc3 Kf7 43. Kd2 Ke6 44. c4 bxc4 45. Kc3 Kd5 46. Bf6 Bf5 47. e4+ Bxe4
48. Kd2 a6 49. Ke3 Bg6 50. Bg7 Kc5 51. Kd2 h5 52. Bf6 Bf5 53. Ke1 1/2-1/2

[Event "18th Voronezh Master Open 2014"]
[Site "Voronezh RUS"]
[Date "2014.06.13"]
[Round "2.6"]
[White "Bocharov, Dmitry"]
[Black "Pasiev, Rakhim"]
[Result "1-0"]
[WhiteTitle "GM"]
[BlackTitle "IM"]
[WhiteElo "2598"]
[BlackElo "2410"]
[WhiteFideId "4138716"]
[BlackFideId "24122475"]
[EventDate "2014.06.12"]

1. Nf3 c5 2. c4 Nc6 3. d4 cxd4 4. Nxd4 g6 5. e4 Nf6 6. Nc3 d6 7. Be2 Nxd4 8.
Qxd4 Bg7 9. Be3 O-O 10. Qd2 a5 11. O-O a4 12. Rab1 Qa5 13. Rfc1 Be6 14. f3 Rfc8
15. b4 axb3 16. axb3 Qb4 17. Qc2 Bd7 18. Bd2 Qc5+ 19. Kh1 Qh5 20. Qd3 Bh6 21. f4
Bg4 22. Re1 Bxe2 23. Rxe2 Qc5 24. Rf1 Rd8 25. h3 Bg7 26. Qf3 Qc6 27. f5 Rf8 28.
Nd5 Nxd5 29. exd5 Qd7 30. Bc3 Bxc3 31. Qxc3 b5 32. fxg6 fxg6 33. Rfe1 Rf7 34.
Re6 bxc4 35. bxc4 Qa7 36. Kh2 Rc8 37. R1e3 Rcf8 38. R6e4 Qd7 39. Qe1 Re8 40. Re6
Qc7 41. Qh4 Qa7 42. Qe4 Rc8 43. Qg4 Rcf8 44. R6e4 Rg7 45. Qh4 Rf6 46. Qe1 Kf8
47. Rb3 Rgf7 48. Qc3 Kg8 49. Ra3 Qc7 50. Qd4 Qd8 51. Ra7 Qf8 52. Qe3 Rf3 53.
gxf3 Rxf3 54. Ra8 1-0

[Event "18th Voronezh Master Open 2014"]
[Site "Voronezh RUS"]
[Date "2014.06.13"]
[Round "2.7"]
[White "Ponkratov, Pavel"]
[Black "Sergienko, Sergey"]
[Result "1-0"]
[WhiteTitle "GM"]
[BlackTitle "IM"]
[WhiteElo "2595"]
[BlackElo "2402"]
[WhiteFideId "4157800"]
[BlackFideId "4115791"]
[EventDate "2014.06.12"]

1. e4 d6 2. d4 Nf6 3. Nc3 e5 4. Nf3 Nbd7 5. Bc4 Be7 6. O-O O-O 7. Re1 c6 8. a4
exd4 9. Nxd4 Ne5 10. Ba2 Re8 11. h3 Qa5 12. Bd2 Qc7 13. f4 Ng6 14. Kh1 Bf8 15.
Qf3 Bd7 16. g4 Qb6 17. Nf5 Be6 18. a5 Qc7 19. Be3 Bxa2 20. Rxa2 d5 21. e5 Nd7
22. h4 Bb4 23. a6 bxa6 24. Rxa6 Nc5 25. Ra2 Bxc3 26. bxc3 Ne4 27. Bd4 Qd8 28. h5
Nh4 29. Qh3 Nxf5 30. gxf5 c5 31. Bg1 Qd7 32. c4 Rad8 33. Ra3 Nd6 34. cxd5 Nxf5
35. c4 g6 36. Rea1 Qb7 37. Rxa7 Qb4 38. hxg6 hxg6 39. e6 Nd6 40. exf7+ Nxf7 41.
R1a6 Qb1 42. Rf6 Re1 43. Qg2 Rxg1+ 44. Qxg1 Qe4+ 45. Kh2 Ne5 46. Qg2 Qxg2+ 47.
Kxg2 Nxc4 48. Rxg6+ Kh8 49. Ra1 1-0

[Event "18th Voronezh Master Open 2014"]
[Site "Voronezh RUS"]
[Date "2014.06.13"]
[Round "2.8"]
[White "Peskov, Alexsey"]
[Black "Danin, Alexandre"]
[Result "1/2-1/2"]
[WhiteTitle "IM"]
[BlackTitle "GM"]
[WhiteElo "2417"]
[BlackElo "2594"]
[WhiteFideId "14114046"]
[BlackFideId "4144031"]
[EventDate "2014.06.12"]

1. d4 Nf6 2. c4 g6 3. Nc3 d5 4. Nf3 Bg7 5. e3 O-O 6. Qb3 e6 7. Be2 b6 8. O-O
dxc4 9. Bxc4 Bb7 10. Rd1 Nbd7 11. Qc2 Bxf3 12. gxf3 Qe7 13. f4 c5 14. d5 exd5
15. Nxd5 Nxd5 16. Bxd5 Rad8 17. Bd2 Nf6 18. Bf3 Nd5 19. Qb3 Nc7 20. Be1 Ne6 21.
Qc2 Qf6 22. Bc3 Qh4 23. Bxg7 Nxg7 24. Rxd8 Rxd8 25. Rd1 Nf5 26. Rxd8+ Qxd8 27.
Be4 Qf6 28. h3 Qe6 29. a3 Kg7 30. Kh2 Qf6 31. b4 Nd6 32. bxc5 bxc5 33. Bd5 g5
34. Qxc5 gxf4 35. Qxa7 Nb5 36. Qb8 fxe3 37. fxe3 Nxa3 38. Qg3+ Kf8 39. Qb8+ Kg7
40. Qg3+ Kf8 1/2-1/2

[Event "18th Voronezh Master Open 2014"]
[Site "Voronezh RUS"]
[Date "2014.06.13"]
[Round "2.9"]
[White "Kryakvin, Dmitry"]
[Black "Ponomarev, Dmitry"]
[Result "1/2-1/2"]
[WhiteTitle "GM"]
[BlackTitle "IM"]
[WhiteElo "2581"]
[BlackElo "2396"]
[WhiteFideId "4153278"]
[BlackFideId "24112046"]
[EventDate "2014.06.12"]

1. d4 d5 2. c4 c6 3. Nc3 Nf6 4. e3 a6 5. Qc2 e6 6. Nf3 c5 7. cxd5 exd5 8. Be2
Nc6 9. O-O cxd4 10. exd4 Bd6 11. Bg5 Be6 12. Qb3 O-O 13. Rfd1 Na5 14. Qa4 Nc6
15. Qb3 Na5 16. Qc2 h6 17. Bh4 Nc6 18. Qd2 Be7 19. Ne5 Qc7 20. Bg3 Bd6 21. Rac1
Rac8 22. Qe3 Qb8 23. Bf3 Ne7 24. Re1 Nf5 25. Qd3 Nxg3 26. hxg3 Rfd8 27. Rc2 b5
28. a3 Qb6 29. Ne2 Rxc2 30. Qxc2 Rc8 31. Qd3 g5 32. Nc3 Kg7 33. Re3 b4 34. axb4
Bxb4 35. Qd1 Qa5 36. Qe1 Qb6 37. Qd1 Qa5 38. Qe1 Qb6 39. Qd1 Qa5 40. Qe1 Qb6 1/2-1/2

[Event "18th Voronezh Master Open 2014"]
[Site "Voronezh RUS"]
[Date "2014.06.13"]
[Round "2.10"]
[White "Munguntuul, Batkhuyag"]
[Black "Kunin, Vitaly"]
[Result "1-0"]
[WhiteTitle "IM"]
[BlackTitle "GM"]
[WhiteElo "2411"]
[BlackElo "2575"]
[WhiteFideId "4900758"]
[BlackFideId "4128737"]
[EventDate "2014.06.12"]

1. e4 c5 2. Nf3 Nc6 3. d4 cxd4 4. Nxd4 Qb6 5. Nb3 Nf6 6. Nc3 e6 7. Be3 Qc7 8. f4
d6 9. Be2 a6 10. a4 b6 11. O-O Be7 12. Bf3 Bb7 13. g4 O-O 14. g5 Nd7 15. Bg2 Nb4
16. Rc1 f6 17. Bh3 e5 18. Be6+ Kh8 19. g6 f5 20. Bxd7 Qxd7 21. Qh5 h6 22. fxe5
Kg8 23. Bxh6 gxh6 24. Qxh6 Bd8 25. Nd4 b5 26. Ne6 Bb6+ 27. Kh1 Be3 28. Qxe3 Qxe6
29. Qh6 Bxe4+ 30. Nxe4 Ra7 31. Nf6+ Rxf6 32. exf6 Qe4+ 33. Kg1 Qg4+ 34. Kf2 Qd4+
35. Qe3 Qxf6 36. Rce1 Qh4+ 37. Kg1 Rc7 38. Qe6+ Kg7 39. Rxf5 Kh6 40. Re4 Qh3 41.
g7+ Kxg7 42. Rg5+ 1-0

[Event "18th Voronezh Master Open 2014"]
[Site "Voronezh RUS"]
[Date "2014.06.14"]
[Round "3.1"]
[White "Tukhaev, Adam"]
[Black "Bocharov, Dmitry"]
[Result "1-0"]
[WhiteTitle "GM"]
[BlackTitle "GM"]
[WhiteElo "2547"]
[BlackElo "2598"]
[WhiteFideId "14109476"]
[BlackFideId "4138716"]
[EventDate "2014.06.12"]

1. e4 c5 2. Nf3 e6 3. d4 cxd4 4. Nxd4 a6 5. Be2 Nf6 6. Nc3 d6 7. f4 g6 8. O-O
Bg7 9. g4 h6 10. f5 g5 11. fxe6 fxe6 12. h4 gxh4 13. g5 hxg5 14. Bxg5 Qa5 15.
Ncb5 O-O 16. Bxf6 Rxf6 17. Rxf6 Bxf6 18. e5 Bg7 19. Bd3 Nd7 20. Qh5 Nf8 21. Nxd6
Qd2 22. Qf7+ Kh8 23. Nf3 Qh6 24. Kf2 Bd7 25. Rh1 1-0

[Event "18th Voronezh Master Open 2014"]
[Site "Voronezh RUS"]
[Date "2014.06.14"]
[Round "3.2"]
[White "Rozum, Ivan"]
[Black "Ponkratov, Pavel"]
[Result "1/2-1/2"]
[WhiteTitle "IM"]
[BlackTitle "GM"]
[WhiteElo "2544"]
[BlackElo "2595"]
[WhiteFideId "24104272"]
[BlackFideId "4157800"]
[EventDate "2014.06.12"]

1. d4 d5 2. c4 c6 3. Nf3 Nf6 4. e3 Bg4 5. h3 Bh5 6. Nc3 e6 7. g4 Bg6 8. Nh4 Be4
9. f3 Nfd7 10. Ng2 Bg6 11. Qb3 Qc7 12. Nf4 Be7 13. h4 h5 14. Nxg6 fxg6 15. g5 e5
16. cxd5 exd4 17. Ne4 Nc5 18. Qc2 O-O 19. Nxc5 Bxc5 20. f4 Bb4+ 21. Kd1 dxe3 22.
Qxg6 Qd6 23. Bd3 Qxg6 24. Bxg6 Bc5 25. Ke2 Na6 26. dxc6 bxc6 27. Bxe3 Bxe3 28.
Kxe3 Nc7 29. Bxh5 Nd5+ 30. Kf2 Nxf4 31. Bf3 Nd3+ 32. Kg3 Rae8 33. Rhf1 Re3 34.
Kg2 Rf4 35. h5 Re5 36. g6 Rb4 37. Rad1 Rg5+ 38. Kh3 Nf4+ 39. Kh4 Ne6+ 40. Kh3
Nf4+ 41. Kh4 Ne6+ 1/2-1/2